[Event "Irkutsk-ch final op"]
[Site "Irkutsk"]
[Date "2008.10.14"]
[Round "8"]
[White "Besedin, Anatoly"]
[Black "Neretin, Yury"]
[Result "1-0"]
[WhiteElo "2090"]
[BlackElo "2188"]
[PlyCount "143"]
[EventDate "2008.09.30"]
[EventType "swiss"]
[EventRounds "9"]
[EventCountry "RUS"]
[SourceTitle "EXT 2022"]
[Source "ChessBase"]
[SourceDate "2021.10.06"]
[SourceVersion "1"]
[SourceVersionDate "2021.10.06"]
[SourceQuality "1"]

1. e4 e6 2. d4 d5 3. exd5 exd5 4. c4 Be6 5. Nc3 Nc6 6. Nf3 Nf6 7. c5 Be7 8. Bb5 0-0 9. Bxc6 bxc6 10. Ne5 Bd7 11. 0-0 Re8 12. Qa4 Qc8 13. Bg5 Ng4 14. Nxd7 Qxd7 15. Bxe7 Rxe7 16. h3 Nh6 17. Rfe1 Re6 18. Rxe6 Qxe6 19. Kf1 a6 20. Re1 Qd7 21. Re5 f6 22. Re2 Nf5 23. Qd1 Rb8 24. a3 a5 25. Qd3 g6 26. Ke1 Nh4 27. f3 Qf5 28. Qe3 Qd7 29. Qf4 Nf5 30. g4 Ng7 31. Kf2 Rf8 32. Qe3 f5 33. Qe7 Qxe7 34. Rxe7 fxg4 35. hxg4 Rf7 36. Re5 h5 37. Kg3 Kf8 38. Ne2 Rf6 39. Re3 Kf7 40. Rb3 g5 41. gxh5 Nxh5+ 42. Kg4 Kg6 43. Rb7 Re6 44. Nc3 Re7 45. Ra7 Re1 46. Rxc7 Rg1+ 47. Kh3 Rg3+ 48. Kh2 Rxf3 49. Rxc6+ Kf5 50. Nxd5 g4 51. Rh6 Kg5 52. Re6 g3+ 53. Kg1 Kh4 54. Re3 Rf2 55. c6 Rc2 56. Rc3 Rd2 57. c7 Rd1+ 58. Kg2 Rd2+ 59. Kf3 g2 60. Rc1 Rc2 61. Rxc2 g1Q 62. c8Q Qd1+ 63. Ke3 Qe1+ 64. Kd3 Qd1+ 65. Kc3 Qf3+ 66. Kc4 Qf1+ 67. Kc5 Qd1 68. Rc3 Qf1 69. Qd8+ Kg4 70. Qg8+ Kh4 71. Ne3 Qf4 72. Ng2# 1-0

[Event "Irkutsk-ch final op"]
[Site "Irkutsk"]
[Date "2008.10.08"]
[Round "5"]
[White "Rozhkov, Dmitry"]
[Black "Neretin, Yury"]
[Result "1-0"]
[WhiteElo "1991"]
[BlackElo "2188"]
[PlyCount "93"]
[EventDate "2008.09.30"]
[EventType "swiss"]
[EventRounds "9"]
[EventCountry "RUS"]
[SourceTitle "EXT 2022"]
[Source "ChessBase"]
[SourceDate "2021.10.06"]
[SourceVersion "1"]
[SourceVersionDate "2021.10.06"]
[SourceQuality "1"]

1. d4 Nf6 2. c4 g6 3. Nc3 Bg7 4. e4 d6 5. Be2 0-0 6. Nf3 c6 7. 0-0 Nbd7 8. Qc2 e5 9. d5 c5 10. Ne1 Ne8 11. Be3 f5 12. f3 Ndf6 13. Nd3 f4 14. Bf2 g5 15. g4 fxg3 16. hxg3 Qd7 17. Qd2 h6 18. Rfb1 Nh5 19. b4 b6 20. a4 Nef6 21. a5 Ba6 22. axb6 axb6 23. Na4 Qc7 24. bxc5 bxc5 25. Ndxc5 dxc5 26. Nxc5 Nxg3 27. Nxa6 Nxe2+ 28. Qxe2 Qc8 29. Nc5 g4 30. Rxa8 Qxa8 31. fxg4 Kh8 32. Nd3 Qe8 33. Bg3 Nd7 34. Rf1 Rxf1+ 35. Qxf1 Qg6 36. Qf5 Qb6+ 37. Kg2 Qd4 38. Qxd7 Qxe4+ 39. Kh2 Qxd3 40. Qc8+ Kh7 41. Qf5+ Qxf5 42. gxf5 e4 43. d6 e3 44. Kg2 Bd4 45. Kf3 Kg7 46. d7 Bb6 47. Bh4 1-0

[Event "Irkutsk-ch final op"]
[Site "Irkutsk"]
[Date "2008.10.06"]
[Round "4"]
[White "Neretin, Yury"]
[Black "Kiselyov, Sergei"]
[Result "1/2-1/2"]
[WhiteElo "2188"]
[BlackElo "2120"]
[PlyCount "126"]
[EventDate "2008.09.30"]
[EventType "swiss"]
[EventRounds "9"]
[EventCountry "RUS"]
[SourceTitle "EXT 2022"]
[Source "ChessBase"]
[SourceDate "2021.10.06"]
[SourceVersion "1"]
[SourceVersionDate "2021.10.06"]
[SourceQuality "1"]

1. g3 e5 2. Bg2 d5 3. d3 f5 4. c4 d4 5. Qa4+ Qd7 6. Qa5 c5 7. f4 Nc6 8. Qb5 Bd6 9. Nf3 exf4 10. Bxf4 Nge7 11. 0-0 0-0 12. Nbd2 Rb8 13. e4 dxe3 14. Bxe3 b6 15. d4 cxd4 16. Nxd4 Bc5 17. N2b3 Nxd4 18. Qxd7 Ne2+ 19. Kh1 Bxd7 20. Bxc5 bxc5 21. Rfe1 Nxg3+ 22. hxg3 Ng6 23. Nxc5 Bc8 24. b3 f4 25. Bd5+ Kh8 26. Kg2 fxg3 27. Kxg3 h5 28. Ne6 h4+ 29. Kg4 Rf6 30. Kg5 Rb6 31. c5 Rbxe6 32. Bxe6 Bxe6 33. Rf1 Rxf1 34. Rxf1 Kh7 35. c6 Ne5 36. c7 h3 37. Kf4 Nf7 38. Kg3 Nd6 39. Rc1 Bc8 40. Rd1 Nf5+ 41. Kh2 Kg6 42. Rg1+ Kf6 43. Kxh3 Nd4+ 44. Kg2 Ne6 45. Rd1 Nxc7 46. Rd8 Bb7+ 47. Kg3 Ke7 48. Rg8 Ne8 49. Rh8 Nc7 50. Rh4 Ne6 51. Ra4 a6 52. Rb4 Bc8 53. Rb8 Kd7 54. Rb6 Kc7 55. Rb4 Bd7 56. Rg4 Kd6 57. Rh4 Nc5 58. Rd4+ Ke5 59. Rc4 Ne4+ 60. Kg2 g5 61. Rc7 Kd6 62. Rc4 Bc6 63. Kh2 g4 1/2-1/2